| Tag |
First Indicator |
Second Indicator |
Subfields |
| LEADER |
00000cam a2200000Ia 4500 |
| 001 |
in00002409113 |
| 006 |
m d f |
| 007 |
cr m|||||||||| |
| 008 |
080226s2008 vauab obt f000 0 eng d |
| 005 |
20220812193030.3 |
| 035 |
|
|
|a (OCoLC)ocn209155730
|
| 040 |
|
|
|a GIS
|b eng
|c GIS
|d GPO
|d MvI
|
| 043 |
|
|
|a n-us-ca
|
| 049 |
|
|
|a WWW
|
| 074 |
|
|
|a 0624-H (online)
|
| 086 |
0 |
|
|a I 19.76:2007-1412
|
| 245 |
0 |
0 |
|a Carpinteria coastal processes study, 2005-2007
|h [electronic resource] :
|b final report /
|c by Patrick L. Barnard ... [and others].
|
| 264 |
|
1 |
|a Reston, Va. :
|b U.S. Geological Survey,
|c 2008.
|
| 300 |
|
|
|a 129 pages :
|b digital, PDF file.
|
| 336 |
|
|
|a text
|b txt
|2 rdacontent
|
| 337 |
|
|
|a computer
|b c
|2 rdamedia
|
| 338 |
|
|
|a online resource
|b cr
|2 rdacarrier
|
| 490 |
1 |
|
|a Open-file report ;
|v 2007-1412
|
| 538 |
|
|
|a Mode of access: Internet via the USGS web site. Address as of 07/09/08: http://pubs.usgs.gov/of/2007/1412/of2007-1412.pdf; current access available via PURL.
|
| 500 |
|
|
|a Title from PDF title screen (viewed on Feb. 25, 2008).
|
| 500 |
|
|
|a At head of title on HTML title screen: Coastal and Marine Geology Program.
|
| 500 |
|
|
|a GPO Cataloging Record Distribution Program (CRDP).
|
| 504 |
|
|
|a Includes bibliographical references.
|
| 650 |
|
0 |
|a Coast changes
|z California
|z Carpinteria.
|
| 650 |
|
0 |
|a Beach erosion
|z California
|z Carpinteria.
|
| 650 |
|
0 |
|a Oceanography
|z California
|z Carpinteria.
|
| 700 |
1 |
|
|a Barnard, Patrick L.
|
| 710 |
2 |
|
|a Coastal and Marine Geology Program (Geological Survey)
|
| 710 |
2 |
|
|a Geological Survey (U.S.)
|
| 830 |
|
0 |
|a U.S. Geological Survey open-file report ;
|v 2007-1412.
|
| 856 |
4 |
0 |
|u https://purl.fdlp.gov/GPO/LPS96445
|t 0
|
| 999 |
f |
f |
|s 00468768-b311-4afc-ad64-1a08e93026c2
|i 6bd2d267-c5e5-339a-9911-5a8eb27a0db8
|t 0
|
| 952 |
f |
f |
|a Texas A&M University
|b College Station
|c Electronic Resources
|d Available Online
|t 0
|e I 19.76:2007-1412
|h Superintendent of Documents classification
|
| 998 |
f |
f |
|a I 19.76:2007-1412
|t 0
|l Available Online
|